Hungary's "Eastern Opening" policy toward Russia: ties that bind?

Maďarsko ako Trójsky kôň v EÚ po zmene politiky smerom k Rusku. Zintenzívnenie obchodných a energetických vzťahov po r. 2010. Konflikt EÚ - Maďarsko.

Enregistré dans:
Détails bibliographiques
Auteur principal: Végh, Zsuzsanna
Format: Chapitre de livre
Langue:anglais
Sujets:
Tags: Ajouter un tag
Pas de tags, Soyez le premier à ajouter un tag!

MARC

LEADER 00000naa a2200000 4500
001 0210096
005 20231208105900.9
041 0 |a eng 
044 |a SK 
245 1 0 |a Hungary's "Eastern Opening" policy toward Russia: ties that bind?  |c Zsuzsanna Végh 
520 |a Maďarsko ako Trójsky kôň v EÚ po zmene politiky smerom k Rusku. Zintenzívnenie obchodných a energetických vzťahov po r. 2010. Konflikt EÚ - Maďarsko. 
610 2 0 |a Maďarsko 
610 2 0 |a Rusko 
610 2 0 |a Európska únia 
610 2 0 |a vzťahy ekonomické 
610 2 0 |a vzťahy hospodárske medzinárodné 
610 2 0 |a vzťahy obchodné 
610 2 0 |a politika hospodárska medzinárodná 
100 1 |a Végh, Zsuzsanna